00593nam a22002177a 450000500170000001000130001702000100003003500130004003700160005304000120006908200170008110000200009824500810011826000370019927000290023630000270026550000230029265000140031565000270032970000190035620170124105950.0 aA-612901 c00.00 aA-612901 bCen Lib/Ret aDPLbEN a332.642bBAS aBasu, Debashish aScam who won who lost who got away /cby Debashish Basu [and] Sucheta Dalal  aNew DelhibUBS publishers c1993 bNew Delhia5 Ansari road a292p.:c20cm(Hb)bill. aIncludes glossary  aEconomics aEconomical development aDalal, Sucheta